Dragon Ball Z-Toutes les formes nommées de Boo - Statistiques

Statistiques générales
  • Ce quiz a été pris 314 fois
  • Le résultat moyen est 5 sur 7
Statistiques - réponses
Formes de Boo % Correct
Gros Boo
88%
Boo Enfant
84%
Boohan
81%
Bootenks
76%
Super Boo
74%
Boo Maléfique
70%
Boocolo
65%
Aucun quiz correspondant
Distribution des résultats
% des personnes avec chaque résultat
Percentile par nombre de réponses
Votre historique - résultats
Vous n’avez pas pris ce quiz